00393nam a22001577a 4500003000500000005001700005008004100022020001500063024001900078038001200097082000600109100001900115245006300134260002900197300000900226NUST20191113094002.0191113b ||||| |||| 00| 0 eng d a1860817378 a978-1860817373 aMSOHAIL a0 aKathryn Bourke aAchieving Whole Life Value in Infrastructure and Buildings aUKbIHS BRE Presscc2005 ap;55